000
00257nam a2200097Ia 4500
008
230508s2003 xx 000 0 und d
041
_a
eng
100
_a
BASS,BARKOVICH,SAVSTIYANOV
245
_a
RELAY PROTECTION ELECTRICIAN
260
_b
MIR PUBLI.MOSCOW
_c
2003
999
_c
724096
_d
724096